| 000 | 00444nam a2200133 4500 | ||
|---|---|---|---|
| 999 |
_c512094 _d512094 |
||
| 008 | 191030b ||||| |||| 00| 0 eng d | ||
| 100 |
_aThapa, Suraj _912864 |
||
| 245 | _aUrban migrants and community identity: A study of Ludhiana, Punjab | ||
| 260 | _bResearch Journal Social Sciences | ||
| 300 | _a26(1&2), 2018: p.31-58. | ||
| 773 | _aResearch Journal Social Sciences | ||
| 906 | _aMigrants - India - Punjab - Ludhiana | ||
| 942 |
_2ddc _cAR |
||